000 00289nam a22001211a 4500
999 _c163792
_d163792
082 _aM09
_bTHA/P
245 _aPaschatya sahitya thatwa saastram/
260 _a
_b
_c
650 _aLiterature Malayalam Criticism
650 _aLiterature Malayalam
650 _aLiterature
942 _cBK